书目信息 |
| 题名: |
微波器件与电路
|
|
| 作者: | 武国机 编 | |
| 分册: | ||
| 出版信息: | 北京 国防工业出版社 1985 |
|
| 页数: | 126页 | |
| 开本: | 26cm | |
| 丛书名: | ||
| 单 册: | ||
| 中图分类: | TN015 | |
| 科图分类: | ||
| 主题词: | 微波电路-电子器件--高等教育--教材 , 无线电电子学--理论 , 电子器件-微波电路--高等教育--教材 , 通信技术--理论 | |
| 电子资源: | ||
| ISBN: | ||
| 000 | 00774nam0 2200277 45 | |
| 001 | 0185020801 | |
| 005 | 20060518083704.34 | |
| 010 | @dCNY1.60 | |
| 091 | @a15034.2909 | |
| 100 | @a19900921d1985 em y0chiy0121 ea | |
| 101 | 0 | @achi |
| 102 | @aCN@b110000 | |
| 105 | @ay z 000yy | |
| 200 | 10 | @a微波器件与电路@Awei bo qi jian yu dian lu@f武国机编@Fwu guo ji bian |
| 210 | @a北京@c国防工业出版社@d1985 | |
| 215 | @a126页@d26cm | |
| 300 | @a高等学校教材 | |
| 606 | @a微波电路-电子器件@x高等教育@x教材 | |
| 606 | 0 | @a无线电电子学@x理论 |
| 606 | @a电子器件-微波电路@x高等教育@x教材 | |
| 606 | 0 | @a通信技术@x理论 |
| 690 | @aTN015@v4 | |
| 701 | 0 | @a武国机@Awu guo ji@4编 |
| 801 | 2 | @aCN@bNLC@c20060518 |
| 801 | 0 | @aCN@b深圳图书馆@c20040520 |
| 905 | @dTN015@e20 | |
| 微波器件与电路/武国机编.-北京:国防工业出版社,1985 |
| 126页;26cm |
| 高等学校教材 |
| ISBN :CNY1.60 |
| ● |
| 相关链接 |
|
|
|
|
正题名:微波器件与电路
索取号:TN015/20
 
预约/预借
| 序号 | 登录号 | 条形码 | 馆藏地/架位号 | 状态 | 备注 |
| 1 | 0136204 | 001348606 | 第三借阅区/ [索取号:TN015/20] | 在馆 | |
| 2 | 0136205 | 001348562 | 第三借阅区/ [索取号:TN015/20] | 在馆 | |
| 3 | 0136206 | 001348526 | 第二样本阅览室/ [索取号:TN015/20] | 在馆 | |
| 4 | 0136207 | 001348483 | 第三借阅区/ [索取号:TN015/20] | 在馆 | |
| 5 | 0136208 | 202354692 | 密集书库/ [索取号:TN015/20] | 在馆 |